| 000 | 01111nab a22002297a 4500 | ||
|---|---|---|---|
| 999 |
_c5989 _d5989 |
||
| 003 | OSt | ||
| 005 | 20260115182956.0 | ||
| 008 | 190605e xxu||||| |||| 00| 0 spa d | ||
| 040 | _cPJ | ||
| 100 |
_96811 _aBecchi, María Romina |
||
| 245 | 1 | 0 |
_aPrimacía del principio "igual remuneración por igual tarea" a fin de garantizar la igualdad de trato y evitar discriminaciones injustas. Cuestión de justicia / _cMaría Romina Becchi. |
| 260 |
_aCiudad Autónoma de Buenos Aires : _bThomson Reuters La Ley, _c2022. |
||
| 300 | _ap. 103-109 | ||
| 500 | _aCita: TR LALEY AR/DOC/3159/2022. | ||
| 505 | _aFallo comentado: CNTrab., sala VI ~ 23/03/2022 ~ Kohler Presas, Eliana Soledad c. Teletech Argentina SA s/ despido. | ||
| 505 | _t¿Te interesa el texto completo? Solicitalo al correo: koha@justierradelfuego.gov.ar | ||
| 650 | 0 |
_91316 _aDERECHO LABORAL |
|
| 650 | 0 |
_94044 _aPERSPECTIVA DE GÉNERO |
|
| 650 | 0 |
_91318 _aREMUNERACION |
|
| 773 | 0 |
_02711 _93168 _dCiudad Autónoma de Buenos Aires : Thomson Reuters La Ley, 1999-2002. _tRevista de derecho del trabajo. Nº 6 - Noviembre 2022 |
|
| 942 |
_2udc _cANA |
||